[Event "VII Festival B"]
[Site "Amantea ITA"]
[Date "2009.09.06"]
[Round "7"]
[White "Scalise, Sandro"]
[Black "Rizzuti, Pasquale"]
[Result "1-0"]
[WhiteElo "1631"]
[BlackElo "1826"]
[PlyCount "107"]
[EventDate "2009.08.31"]

1. d4 d5 2. Nc3 Bf5 3. f3 e6 4. e4 Bg6 5. Bd3 Nc6 6. Be3 Nb4 7. Nge2 Be7 8. a3
Nxd3+ 9. Qxd3 c6 10. O-O-O Nf6 11. Nf4 dxe4 12. fxe4 Ng4 13. Nxg6 fxg6 14. Kb1
Nxe3 15. Qxe3 O-O 16. d5 Bg5 17. Qc5 cxd5 18. exd5 exd5 19. Rxd5 Be7 20. Qe3
Qb6 21. Qxe7 Rae8 22. Qc5 Qe6 23. Rhd1 b6 24. Qc7 Re7 25. Rd7 Rfe8 26. Rxe7
Rxe7 27. Rd8+ Re8 28. Qd7 Qxd7 29. Rxd7 a5 30. Rd6 Rb8 31. Nb5 Kf7 32. Kc1 g5
33. Kd2 g6 34. Kd3 h5 35. Kd4 g4 36. Kd5 Rc8 37. c4 Rc5+ 38. Kd4 Rf5 39. Rxb6
Rf2 40. c5 Rxg2 41. c6 Rd2+ 42. Ke5 Rxh2 43. Nd6+ Kg7 44. Rb7+ Kh6 45. Nf7+ Kg7
46. c7 Rc2 47. c8=Q Rxc8 48. Nd6+ Kh6 49. Nxc8 Kg5 50. Rf7 g3 51. Ne7 h4 52.
Rg7 Kg4 53. Nxg6 h3 54. Nf4+ 1-0

[Event "VII Festival B"]
[Site "Amantea ITA"]
[Date "2009.09.06"]
[Round "7"]
[White "Tricomi, Massimo"]
[Black "Furnari, Francesco"]
[Result "1-0"]
[WhiteElo "1875"]
[BlackElo "1832"]
[PlyCount "69"]
[EventDate "2009.08.31"]

1. c4 c6 2. g3 Nf6 3. Bg2 g6 4. Nc3 Bg7 5. Nf3 d6 6. d3 O-O 7. O-O Bg4 8. h3
Bd7 9. Rb1 Na6 10. b4 Rb8 11. a4 Nc7 12. Be3 b6 13. a5 Qc8 14. axb6 axb6 15.
Kh2 Ng4+ 16. hxg4 Bxc3 17. d4 e5 18. dxe5 Bxe5 19. Nxe5 dxe5 20. Qd6 Bxg4 21.
Qxe5 f6 22. Qd6 Qd7 23. Qxd7 Bxd7 24. Rfd1 Be6 25. Rd6 b5 26. Rxc6 Bf5 27. Ra1
Ne8 28. Bh6 Ng7 29. Rc7 Ne6 30. Bd5 Rfe8 31. Raa7 g5 32. Rf7 bxc4 33. Bxc4 Rxb4
34. Bxe6 Rxe6 35. Rf8# 1-0

[Event "VII Festival B"]
[Site "Amantea ITA"]
[Date "2009.09.07"]
[Round "8"]
[White "Caporale, Giuseppe Guido"]
[Black "Luvera', Filippo"]
[Result "0-1"]
[WhiteElo "1824"]
[BlackElo "1835"]
[PlyCount "98"]
[EventDate "2009.08.31"]

1. e4 c5 2. Nf3 Nc6 3. Bb5 d6 4. d3 Bd7 5. a3 Nf6 6. Nc3 g6 7. Bd2 Bg7 8. O-O
O-O 9. Rb1 a6 10. Bc4 b5 11. Ba2 b4 12. Ne2 a5 13. h3 Rb8 14. Be3 e5 15. Nd2
Qc7 16. f4 Be6 17. Bxe6 fxe6 18. fxe5 Nxe5 19. axb4 axb4 20. Nf4 Qd7 21. Qe2
Nc6 22. c3 Ne8 23. c4 Nc7 24. Nf3 Bh6 25. Nh2 Bg7 26. Rf2 Nd4 27. Qg4 b3 28.
Nf3 Nc2 29. Bd2 Qf7 30. Ng5 Qf6 31. Ngxe6 Nxe6 32. Qxe6+ Qxe6 33. Nxe6 Rxf2 34.
Kxf2 Be5 35. Bc3 Bxc3 36. bxc3 b2 37. g4 Na3 38. Rxb2 Rxb2+ 39. Ke3 Kf7 40.
Ng5+ Kg7 41. Nf3 h6 42. e5 dxe5 43. Nxe5 Nb1 44. Nd7 Nxc3 45. Nxc5 Nd1+ 46. Kd4
Rh2 47. Ne6+ Kf6 48. Kd5 Rxh3 49. d4 Ne3+ 0-1

[Event "VII Festival B"]
[Site "Amantea ITA"]
[Date "2009.09.07"]
[Round "8"]
[White "Carbone, Stefano"]
[Black "Tricomi, Massimo"]
[Result "1/2-1/2"]
[WhiteElo "1695"]
[BlackElo "1875"]
[PlyCount "63"]
[EventDate "2009.08.31"]

1. e4 d6 2. d4 Nf6 3. Nc3 e5 4. Nf3 Nbd7 5. Bc4 Be7 6. h3 O-O 7. Be3 c6 8. a4
Qc7 9. O-O b6 10. Re1 Bb7 11. Qe2 a6 12. d5 cxd5 13. Bxd5 Nxd5 14. Nxd5 Bxd5
15. exd5 Rfc8 16. Rac1 Qc4 17. Qxc4 Rxc4 18. b3 Rc7 19. c4 Rac8 20. Nd2 b5 21.
axb5 axb5 22. g3 bxc4 23. bxc4 Nf6 24. Ra1 Nd7 25. Rec1 f5 26. Ra7 Rxa7 27.
Bxa7 Rc7 28. Be3 h6 29. f3 Bg5 30. Bxg5 hxg5 31. Kf2 Kf7 32. Ra1 1/2-1/2

[Event "VII Festival B"]
[Site "Amantea ITA"]
[Date "2009.09.07"]
[Round "8"]
[White "Carlomagno, Vincenzo"]
[Black "Russo, Carmelo"]
[Result "1-0"]
[WhiteElo "1488"]
[BlackElo "1705"]
[PlyCount "139"]
[EventDate "2009.08.31"]

1. e4 c6 2. d4 d5 3. e5 Bf5 4. Nf3 e6 5. Be2 c5 6. c3 cxd4 7. cxd4 Bb4+ 8. Bd2
Qb6 9. a3 Bxd2+ 10. Qxd2 Ne7 11. Nc3 Nbc6 12. b4 O-O 13. O-O h6 14. Na4 Qd8 15.
Nc5 b6 16. Nb7 Qd7 17. Nd6 Bh7 18. Nh4 a6 19. f4 Nc8 20. Nxc8 Rfxc8 21. Bd3 Ne7
22. Bxh7+ Kxh7 23. Qd3+ g6 24. g4 Rc4 25. Rac1 b5 26. Kh1 Rac8 27. Rxc4 Rxc4
28. f5 exf5 29. gxf5 Nxf5 30. Nxf5 gxf5 31. Rxf5 Kg7 32. Qg3+ Kh7 33. Qf4 Rc1+
34. Kg2 Rc2+ 35. Kf1 Rc7 36. Rh5 Qe6 37. Qf5+ Qxf5+ 38. Rxf5 Kg6 39. Rf6+ Kg7
40. Rd6 Rc1+ 41. Ke2 Rc2+ 42. Kd3 Rxh2 43. Rxa6 Rg2 44. Rb6 Rg3+ 45. Ke2 Rxa3
46. Rxb5 Rb3 47. Kd2 h5 48. Kc2 Ra3 49. Rxd5 h4 50. Rd6 h3 51. Rf6 h2 52. Rf1
Rg3 53. Rh1 Rg2+ 54. Kd3 Kf8 55. Kc4 Ke7 56. d5 Re2 57. Kc5 Kd7 58. b5 Rb2 59.
Kb6 Re2 60. Kc5 Rc2+ 61. Kd4 Kc7 62. e6 fxe6 63. dxe6 Kd6 64. Re1 Ke7 65. b6
Rc8 66. Kd5 Rh8 67. Rh1 Rh3 68. b7 Rb3 69. Rxh2 Rxb7 70. Rh7+ 1-0

[Event "VII Festival B"]
[Site "Amantea ITA"]
[Date "2009.09.07"]
[Round "8"]
[White "Cerasoli, Mauro"]
[Black "De Rasis, Giovanni"]
[Result "1-0"]
[WhiteElo "1711"]
[BlackElo "1873"]
[PlyCount "53"]
[EventDate "2009.08.31"]

1. d4 d5 2. c4 c6 3. cxd5 cxd5 4. Nc3 Nc6 5. Nf3 Nf6 6. h3 e6 7. Bg5 Bb4 8.
Bxf6 Qxf6 9. e3 O-O 10. Be2 a6 11. Rc1 b5 12. O-O Bb7 13. a3 Bd6 14. b4 Rac8
15. Nd2 Ne7 16. Nb3 e5 17. Nc5 Bxc5 18. bxc5 Nc6 19. Nxd5 Qe6 20. Nb6 exd4 21.
Nxc8 dxe3 22. Nd6 Ba8 23. fxe3 Qxe3+ 24. Kh1 Nd4 25. Bf3 Nxf3 26. gxf3 Qxa3 27.
c6 1-0

[Event "VII Festival B"]
[Site "Amantea ITA"]
[Date "2009.09.07"]
[Round "8"]
[White "Furnari, Francesco"]
[Black "Lapenna, Michelangelo"]
[Result "0-1"]
[WhiteElo "1832"]
[BlackElo "1849"]
[PlyCount "108"]
[EventDate "2009.08.31"]

1. d4 Nf6 2. c4 e6 3. Nc3 b6 4. e4 d6 5. Qf3 Bb7 6. d5 e5 7. Nge2 Be7 8. Ng3 g6
9. Be2 h5 10. h4 Ng4 11. Bd2 Bxh4 12. O-O-O Na6 13. Rh3 Qf6 14. Qxf6 Bxf6 15.
Bxg4 hxg4 16. Rxh8+ Bxh8 17. Rh1 Bf6 18. Nd1 Ke7 19. Ne3 Bc8 20. b4 Bd7 21.
Ngf1 Rh8 22. Rxh8 Bxh8 23. a3 f5 24. g3 f4 25. Ng2 g5 26. Bc3 Bf6 27. Ne1 b5
28. Nd2 c6 29. cxb5 cxb5 30. Nd3 Kf7 31. Nb3 Bd8 32. Kc2 Bb6 33. Be1 Nc7 34.
Nb2 Ne8 35. Nd1 Nf6 36. Nc3 Ke7 37. Nd2 Be8 38. Kb3 a6 39. Kc2 Bg6 40. Kd3 Bd4
41. Ndb1 Kd8 42. Nd2 Bxc3 43. Kxc3 Nxe4+ 44. Nxe4 Bxe4 45. Bd2 Bxd5 46. Kd3 Kd7
47. Kc3 Ke6 48. Kd3 Bc4+ 49. Kc3 d5 50. Bc1 Kf5 51. Kd2 Ke4 52. Ke1 Kf3 53.
gxf4 gxf4 54. Bb2 d4 0-1

[Event "VII Festival B"]
[Site "Amantea ITA"]
[Date "2009.09.07"]
[Round "8"]
[White "Ielapi, Vito"]
[Black "Di Mauro, Dante"]
[Result "1-0"]
[WhiteElo "1887"]
[BlackElo "1715"]
[PlyCount "47"]
[EventDate "2009.08.31"]

1. d4 d5 2. Nf3 Nf6 3. e3 c6 4. Nbd2 e6 5. Bd3 Bd6 6. Ne5 Nbd7 7. f4 O-O 8. O-O
c5 9. c3 b6 10. Qf3 Bb7 11. b3 Rc8 12. Bb2 Qe7 13. Rae1 cxd4 14. exd4 g6 15.
Qh3 Rfe8 16. g4 Nf8 17. Re2 a6 18. Rfe1 b5 19. f5 b4 20. c4 dxc4 21. bxc4 exf5
22. gxf5 Ba8 23. fxg6 hxg6 24. Nxg6 1-0

[Event "VII Festival B"]
[Site "Amantea ITA"]
[Date "2009.09.07"]
[Round "8"]
[White "Mancino, Roberta"]
[Black "Ceravolo, Alberto"]
[Result "1-0"]
[WhiteElo "1721"]
[BlackElo "1628"]
[PlyCount "67"]
[EventDate "2009.08.31"]

1. c4 e5 2. Nc3 Nf6 3. g3 d5 4. cxd5 Nxd5 5. Bg2 c6 6. e3 Be7 7. Qb3 Nb6 8.
Nge2 Be6 9. Qd1 f5 10. d4 Bf6 11. O-O O-O 12. Re1 Qc7 13. dxe5 Bxe5 14. f4 Bf6
15. Qc2 a6 16. b3 N8d7 17. Bb2 Rac8 18. Rad1 Rfd8 19. e4 fxe4 20. Nxe4 Bxb2 21.
Qxb2 Nf8 22. N2c3 Nd5 23. Ng5 Qb6+ 24. Kh1 Re8 25. Nxe6 Nxc3 26. Qxc3 Nxe6 27.
Bh3 c5 28. Qc4 Qc6+ 29. Kg1 Rcd8 30. Bxe6+ Kf8 31. Rxd8 Rxd8 32. Qe4 Qb6 33.
Qf5+ Ke7 34. Bc4+ 1-0

[Event "VII Festival B"]
[Site "Amantea ITA"]
[Date "2009.09.07"]
[Round "8"]
[White "Mileo, Miguelito"]
[Black "Rametta, Marcello"]
[Result "1/2-1/2"]
[WhiteElo "1656"]
[BlackElo "1846"]
[PlyCount "69"]
[EventDate "2009.08.31"]

1. d4 d5 2. Bf4 g6 3. e3 Bg7 4. Nf3 Nf6 5. c4 dxc4 6. Bxc4 O-O 7. Nc3 c6 8. h3
b5 9. Bd3 Nbd7 10. O-O Bb7 11. Rc1 a6 12. Re1 Nd5 13. Bh2 Qa5 14. a3 Rac8 15.
Ne4 Ba8 16. Nc5 Nxc5 17. Rxc5 Qb6 18. Qc2 Nf6 19. b4 Nd7 20. Rc3 a5 21. Qb3 a4
22. Qb1 Rfe8 23. Ne5 Qb7 24. Bf1 f6 25. Nxd7 Qxd7 26. Rc5 e6 27. Rec1 Bf8 28.
R5c3 Bd6 29. Bxd6 Qxd6 30. Rc5 Bb7 31. Bd3 e5 32. Bxg6 hxg6 33. Qxg6+ Kh8 34.
Qh6+ Kg8 35. Qg6+ 1/2-1/2

[Event "VII Festival B"]
[Site "Amantea ITA"]
[Date "2009.09.07"]
[Round "8"]
[White "Montalbano, Federico"]
[Black "Daniac, Federico"]
[Result "1/2-1/2"]
[WhiteElo "1509"]
[BlackElo "1596"]
[PlyCount "99"]
[EventDate "2009.08.31"]

1. e4 c5 2. Nf3 Nc6 3. Bb5 g6 4. O-O Bg7 5. Bxc6 bxc6 6. c3 d6 7. d4 cxd4 8.
cxd4 Bg4 9. Be3 Nf6 10. Nc3 O-O 11. h3 Bxf3 12. Qxf3 Nd7 13. Rad1 Qc7 14. Rc1
Qa5 15. a3 Rab8 16. Rc2 Rb3 17. Rfc1 Rfb8 18. Qe2 e5 19. Qd2 exd4 20. Bxd4 Bxd4
21. Qxd4 Qc5 22. Ne2 Qxd4 23. Nxd4 Rxb2 24. Rxc6 Nc5 25. f3 Rd2 26. Rxd6 Ne6
27. Nb5 Ra2 28. Rb1 Nc7 29. Nc3 Rxb1+ 30. Nxb1 Ra1 31. Rd1 Nb5 32. Nc3 Rxd1+
33. Nxd1 Nxa3 34. Kf2 Kf8 35. Ke3 Nb5 36. Nb2 Ke7 37. Kd3 Kd6 38. Kc4 Nc7 39.
f4 f6 40. g4 Ne6 41. Nd3 g5 42. e5+ fxe5 43. fxe5+ Kd7 44. Nf2 Nf4 45. Ne4 Nxh3
46. Nf6+ Ke6 47. Nxh7 Kxe5 48. Kb5 Kf4 49. Ka6 Nf2 50. Nxg5 1/2-1/2

[Event "VII Festival B"]
[Site "Amantea ITA"]
[Date "2009.09.07"]
[Round "8"]
[White "Pugliese, Stefano"]
[Black "Vacchiano, Salvatore"]
[Result "0-1"]
[WhiteElo "1580"]
[BlackElo "1539"]
[PlyCount "64"]
[EventDate "2009.08.31"]

1. e4 d6 2. Nf3 Nf6 3. Nc3 g6 4. d4 Bg7 5. Be3 O-O 6. Qe2 Nbd7 7. g3 c5 8. Rd1
Ng4 9. Bh3 Nxe3 10. Qxe3 a6 11. Bxd7 Bxd7 12. dxc5 dxc5 13. Qxc5 Rc8 14. Qe3
Qc7 15. h3 f5 16. Rd2 Bc6 17. O-O e5 18. Qg5 fxe4 19. Nh2 Rf5 20. Qe3 Rh5 21.
g4 Bh6 22. Qe2 Rxh3 23. Qc4+ Kh8 24. g5 Bxg5 25. Qe6 Rxh2 26. Rdd1 Rh4 27. Ne2
e3 28. f3 Re8 29. Qb3 Bb5 30. Rde1 Qd7 31. f4 Qg4+ 32. Ng3 Qxg3# 0-1

[Event "VII Festival B"]
[Site "Amantea ITA"]
[Date "2009.09.07"]
[Round "8"]
[White "Rigoni, Vinicio"]
[Black "Russi, Roberto"]
[Result "1/2-1/2"]
[WhiteElo "1796"]
[BlackElo "1898"]
[PlyCount "75"]
[EventDate "2009.08.31"]

1. d4 d5 2. Nf3 Nf6 3. Bf4 Bf5 4. e3 e6 5. Nh4 Bg4 6. Be2 Bxe2 7. Qxe2 Ne4 8.
Nf3 Nd7 9. O-O Be7 10. Nbd2 g5 11. Bg3 g4 12. Ne5 Nxd2 13. Qxd2 Nxe5 14. dxe5
h5 15. Qe2 c6 16. c4 d4 17. exd4 Qxd4 18. Rfe1 Qc5 19. b4 Qb6 20. c5 Qxb4 21.
Rab1 Qxc5 22. Rec1 Qd4 23. Rd1 Qc4 24. Rxb7 Rd8 25. Rxd8+ Bxd8 26. Rb8 Qc1+ 27.
Qf1 Qxf1+ 28. Kxf1 Kd7 29. Rb7+ Bc7 30. Rxa7 c5 31. Ke2 Kc6 32. f4 gxf3+ 33.
gxf3 Rd8 34. f4 Kb6 35. Ra3 c4 36. Bf2+ Kb5 37. Ra7 Kc6 38. Ra6+ 1/2-1/2

[Event "VII Festival B"]
[Site "Amantea ITA"]
[Date "2009.09.07"]
[Round "8"]
[White "Rizzi, Domenico"]
[Black "Vocaturo, Riccardo"]
[Result "0-1"]
[WhiteElo "1605"]
[BlackElo "1641"]
[PlyCount "124"]
[EventDate "2009.08.31"]

1. e4 e6 2. d4 d5 3. Nc3 Nf6 4. Bg5 dxe4 5. Nxe4 Be7 6. Nxf6+ Bxf6 7. Bxf6 Qxf6
8. Nf3 O-O 9. Bd3 Nc6 10. Qd2 Rd8 11. O-O-O Kh8 12. c3 Ne7 13. Ng5 Ng6 14. h4
e5 15. h5 Nf4 16. Ne4 Qh6 17. Kb1 Bf5 18. Qe3 Nxd3 19. Rxd3 Qxe3 20. Rxe3 exd4
21. cxd4 Rxd4 22. Rhe1 Re8 23. f3 Rd7 24. Kc1 Rde7 25. Kd2 h6 26. Kc3 Bh7 27.
Kd4 f5 28. Nc5 Rxe3 29. Rxe3 Rxe3 30. Kxe3 b6 31. Ne6 Bg8 32. Nxc7 Bxa2 33. Nb5
a5 34. Kf4 Bf7 35. Kxf5 Bxh5 36. g4 Be8 37. Nd6 Bc6 38. f4 Bd7+ 39. Kg6 Bxg4
40. Nc4 h5 41. Kg5 g6 42. Nxb6 Be6 43. Na4 Bf7 44. Nc3 Kg7 45. Ne4 Kf8 46. Kf6
Be8 47. Nd6 h4 48. Ne4 h3 49. Kg5 h2 50. Ng3 Kg7 51. f5 gxf5 52. Kxf5 Bc6 53.
Kg5 a4 54. Kf4 Kf6 55. Ke3 Ke5 56. Kf2 Kd4 57. Ke2 h1=Q 58. Nxh1 Bxh1 59. Kd2
Be4 60. Kc1 Kc4 61. Kd2 Kb4 62. Kc1 Kb3 0-1

[Event "VII Festival B"]
[Site "Amantea ITA"]
[Date "2009.09.07"]
[Round "8"]
[White "Sigmund, Ingenuin"]
[Black "Grudina, Marco"]
[Result "0-1"]
[WhiteElo "1825"]
[BlackElo "1882"]
[PlyCount "94"]
[EventDate "2009.08.31"]

1. e4 e5 2. c3 Nf6 3. d3 Bc5 4. g3 d5 5. exd5 Qxd5 6. Qf3 Qxf3 7. Nxf3 Ng4 8.
d4 exd4 9. cxd4 Bb4+ 10. Nc3 O-O 11. h3 Re8+ 12. Be2 Nf6 13. a3 Bxc3+ 14. bxc3
Ne4 15. Bd2 Nc6 16. Rc1 Na5 17. Be3 Nxg3 18. Rg1 Nxe2 19. Kxe2 Nc4 20. Rg3 g6
21. Nd2 Nxd2 22. Kxd2 Bf5 23. h4 h5 24. Bf4 c5 25. Rcg1 Re4 26. Be5 Rxh4 27. f3
Kh7 28. R1g2 c4 29. Re2 Bd3 30. Bf6 Bxe2 31. Bxh4 Bd3 32. Rg5 Re8 33. Re5 Rxe5
34. dxe5 Kg8 35. Ke3 Kf8 36. Kd4 Ke8 37. Kd5 Kd7 38. Bg5 Kc7 39. Bh4 Kb6 40.
Be7 Kb5 41. e6 fxe6+ 42. Kxe6 Ka4 43. Ke5 Kb3 44. Kd4 a5 45. Bd8 a4 46. Be7 h4
47. Bxh4 Kxa3 0-1

[Event "VII Festival B"]
[Site "Amantea ITA"]
[Date "2009.09.07"]
[Round "8"]
[White "Zampaglione, Davide"]
[Black "Scalise, Sandro"]
[Result "1/2-1/2"]
[WhiteElo "1620"]
[BlackElo "1631"]
[PlyCount "124"]
[EventDate "2009.08.31"]

1. d4 Nf6 2. Nf3 e6 3. e3 b6 4. Bd3 Bb7 5. Nbd2 d5 6. O-O Nbd7 7. Qe2 c5 8. c3
Be7 9. b3 Qc7 10. Bb2 O-O 11. Rac1 Rac8 12. c4 Rfd8 13. e4 Nxe4 14. Nxe4 dxe4
15. Bxe4 Bxe4 16. Qxe4 cxd4 17. Bxd4 Bf6 18. Bxf6 Nxf6 19. Qc2 Qf4 20. Qb2 h5
21. Rfd1 Nd7 22. Qd4 Qxd4 23. Rxd4 Nc5 24. Rcd1 Rxd4 25. Rxd4 f6 26. h4 Kf7 27.
g3 Ke7 28. Kf1 Rd8 29. Rxd8 Kxd8 30. Nd4 Kd7 31. Nb5 a6 32. Nc3 Kd6 33. Ke2 Ke5
34. Ke3 g5 35. f3 gxh4 36. gxh4 f5 37. f4+ Kd6 38. Kd4 Nd7 39. Ne2 Nf8 40. Ng3
Ng6 41. Nxh5 Nxh4 42. Ng7 Ke7 43. c5 bxc5+ 44. Kxc5 Ng6 45. Nh5 e5 46. fxe5
Nxe5 47. Kb6 Nd7+ 48. Kxa6 Nf6 49. Nf4 Kd6 50. b4 Nd5 51. Nd3 f4 52. Nxf4 Nxf4
53. b5 Nd5 54. b6 Nb4+ 55. Ka7 Nc6+ 56. Ka8 Nd8 57. Kb8 Kc6 58. Ka7 Kb5 59. a3
Ka5 60. a4 Kxa4 61. Kb8 Kb5 62. Kc7 Ka6 1/2-1/2

[Event "C.to Europeo U10"]
[Site "Fermo ITA"]
[Date "2009.08.31"]
[Round "1"]
[White "Iannello, Andrea"]
[Black "Salim, Riza"]
[Result "0-1"]
[WhiteElo "1371"]
[BlackElo "1920"]
[PlyCount "66"]
[EventDate "2009.08.31"]

1. e4 c5 2. Nf3 Nc6 3. d4 cxd4 4. Nxd4 g6 5. Nc3 Bg7 6. Be3 Nf6 7. Bc4 O-O 8.
O-O d6 9. Re1 Ng4 10. Nxc6 bxc6 11. Bd2 Qb6 12. Na4 Qxf2+ 13. Kh1 Qh4 14. Bf4
Nf2+ 15. Kg1 Nxd1 16. Raxd1 Qxf4 17. g3 Qg4 18. Rf1 Be6 19. b3 Bxc4 20. bxc4
Qxe4 21. c3 Qxc4 22. Rf4 Qxa2 23. Rb4 Rab8 24. Rf4 Rb1 25. Rxb1 Qxb1+ 26. Rf1
Qc2 27. Rf4 Bxc3 28. Nxc3 Qxc3 29. h4 Qxg3+ 30. Kh1 Qxf4 31. Kg1 Rb8 32. h5 Qd2
33. hxg6 Rb1# 0-1

[Event "C.to Europeo U10"]
[Site "Fermo ITA"]
[Date "2009.08.31"]
[Round "1"]
[White "Nespeca, Giacomo"]
[Black "Moroni, Luca jr"]
[Result "0-1"]
[WhiteElo "1446"]
[BlackElo "1576"]
[PlyCount "56"]
[EventDate "2009.08.31"]

1. d4 d5 2. Nf3 Nf6 3. g3 e6 4. Bg5 Nbd7 5. Bg2 h6 6. Bxf6 Nxf6 7. O-O c5 8.
dxc5 Bxc5 9. Nbd2 O-O 10. Re1 Qb6 11. e3 Qxb2 12. e4 Qb6 13. Rf1 dxe4 14. Nc4
Qd8 15. Nfd2 Qd4 16. Na5 e3 17. fxe3 Qxe3+ 18. Rf2 Qxf2+ 19. Kh1 Rd8 20. Nac4
Rb8 21. Qf3 b5 22. Rd1 Qxf3 23. Bxf3 bxc4 24. c3 Be3 25. Be2 Rxd2 26. Rxd2 Bb7+
27. Bf3 Bxf3+ 28. Rg2 Rb1# 0-1

[Event "C.to Europeo U10"]
[Site "Fermo ITA"]
[Date "2009.09.01"]
[Round "2"]
[White "Marek, Matyas"]
[Black "Cafaro, Luca"]
[Result "1-0"]
[WhiteElo "1747"]
[BlackElo "1665"]
[PlyCount "71"]
[EventDate "2009.08.31"]

1. e4 e5 2. Nf3 Nc6 3. Bb5 a6 4. Ba4 Nf6 5. O-O Nxe4 6. d4 b5 7. Bb3 d5 8. a4
b4 9. a5 Bg4 10. Ba4 Bd7 11. Bxc6 Bxc6 12. Nxe5 Bb7 13. Nd2 Bd6 14. f3 Bxe5 15.
dxe5 Nxd2 16. Bxd2 c5 17. Re1 O-O 18. e6 Re8 19. exf7+ Kxf7 20. c3 bxc3 21.
bxc3 Rxe1+ 22. Qxe1 Qe7 23. Qf2 Qc7 24. Be3 c4 25. Bb6 Qe5 26. Qb2 Bc6 27. f4
Qe7 28. f5 Re8 29. Bd4 Bb5 30. f6 gxf6 31. Rf1 Qe2 32. Qb1 Qd3 33. Rxf6+ Kg8
34. Qc1 Re7 35. Qg5+ Rg7 36. Qxd5+ 1-0

[Event "C.to Europeo U10"]
[Site "Fermo ITA"]
[Date "2009.09.01"]
[Round "2"]
[White "Morozov, Nichita"]
[Black "Rambaldi, Francesco"]
[Result "0-1"]
[WhiteElo "1666"]
[BlackElo "1455"]
[PlyCount "72"]
[EventDate "2009.08.31"]

1. d4 Nf6 2. Nf3 e6 3. c4 d5 4. Nc3 Be7 5. Bg5 h6 6. Bh4 O-O 7. e3 Ne4 8. Bxe7
Qxe7 9. Nxe4 dxe4 10. Ne5 Nd7 11. Nxd7 Bxd7 12. Be2 Rad8 13. Qc2 Bc6 14. O-O f5
15. Rfd1 Qg5 16. Bf1 f4 17. Qc3 f3 18. g3 h5 19. h4 Qf6 20. Bh3 Bd7 21. Kh2 g5
22. hxg5 Qxg5 23. Qc2 Qg6 24. b4 Kh8 25. Rg1 e5 26. Bxd7 Rxd7 27. dxe5 Rh7 28.
Rad1 Qg4 29. Rh1 h4 30. Kg1 hxg3 31. Rxh7+ Kxh7 32. fxg3 Qxg3+ 33. Kf1 Qh3+ 34.
Ke1 f2+ 35. Kd2 f1=Q 36. Rxf1 Qg2+ 0-1

[Event "C.to Europeo U10"]
[Site "Fermo ITA"]
[Date "2009.09.01"]
[Round "2"]
[White "Ramundi, Lorenzo"]
[Black "Iannello, Andrea"]
[Result "0-1"]
[WhiteElo "1482"]
[BlackElo "1371"]
[PlyCount "34"]
[EventDate "2009.08.31"]

1. e4 c5 2. Nc3 Nc6 3. f4 e6 4. Nf3 Nge7 5. Bb5 g6 6. O-O a6 7. Bxc6 Nxc6 8.
Qe1 Bg7 9. Ng5 O-O 10. Qe3 d5 11. Qxc5 Bd4+ 12. Qxd4 Nxd4 13. exd5 Nxc2 14. Rb1
exd5 15. Rf2 h6 16. Nf3 Bf5 17. a3 Nxa3 0-1

[Event "C.to Europeo U10"]
[Site "Fermo ITA"]
[Date "2009.09.01"]
[Round "2"]
[White "Urdulashvili, Alexandre"]
[Black "Nespeca, Giacomo"]
[Result "1-0"]
[WhiteElo "1444"]
[BlackElo "1446"]
[PlyCount "35"]
[EventDate "2009.08.31"]

1. e4 e5 2. Nf3 Nc6 3. Bc4 Qe7 4. Nc3 d6 5. Nd5 Qd7 6. d4 Be7 7. Bb5 Bf6 8.
Nxf6+ gxf6 9. d5 Qg4 10. dxc6 a6 11. cxb7+ Bd7 12. bxa8=Q+ Ke7 13. Bxd7 Kxd7
14. O-O Qe6 15. c3 h5 16. Qa4+ c6 17. Q4xc6+ Ke7 18. Qae8# 1-0

[Event "C.to Europeo U10"]
[Site "Fermo ITA"]
[Date "2009.09.02"]
[Round "3"]
[White "Maltsev, Leonid"]
[Black "Bisi, Riccardo"]
[Result "1/2-1/2"]
[WhiteElo "1936"]
[BlackElo "1482"]
[PlyCount "26"]
[EventDate "2009.08.31"]

1. e4 e5 2. f4 d5 3. exd5 Qxd5 4. Nc3 Qe6 5. fxe5 Qxe5+ 6. Qe2 Qxe2+ 7. Bxe2
Bc5 8. Nf3 Nc6 9. Nd5 Bb6 10. Nxb6 axb6 11. Nh4 Nge7 12. O-O O-O 13. Bc4 Be6
1/2-1/2

[Event "C.to Europeo U10"]
[Site "Fermo ITA"]
[Date "2009.09.02"]
[Round "3"]
[White "Salagran Ferragut, Guillem"]
[Black "Shtembuliak, Evgeny"]
[Result "0-1"]
[WhiteElo "1725"]
[BlackElo "2021"]
[PlyCount "74"]
[EventDate "2009.08.31"]

1. e4 e6 2. d3 c5 3. Nf3 Nc6 4. g3 d6 5. Bg2 Nf6 6. O-O Be7 7. Re1 O-O 8. c3
Rb8 9. a3 b6 10. b4 d5 11. e5 Nd7 12. Bf4 Bb7 13. Nbd2 Re8 14. Nf1 Kh8 15. h4
b5 16. Ng5 Bxg5 17. Bxg5 Qb6 18. Bf4 cxb4 19. axb4 d4 20. Nh2 dxc3 21. Be3 Qc7
22. d4 a6 23. Rb1 Ne7 24. Qc2 Bxg2 25. Kxg2 Nd5 26. Ng4 Qb7 27. Kh2 h5 28. Nf6
gxf6 29. Qe2 Kg7 30. Qxh5 Rh8 31. Qg4+ Kf8 32. f4 f5 33. Qe2 Ke7 34. Kg1 N7b6
35. g4 Rbg8 36. g5 Rxh4 37. Qg2 Rg4 0-1

[Event "C.to Europeo U10"]
[Site "Fermo ITA"]
[Date "2009.09.03"]
[Round "4"]
[White "Trjapishko, Alexandr"]
[Black "Haring, Viktor"]
[Result "1/2-1/2"]
[WhiteElo "1768"]
[BlackElo "1914"]
[PlyCount "64"]
[EventDate "2009.08.31"]

1. e4 e5 2. Nf3 Nc6 3. Bc4 Bc5 4. c3 Nf6 5. d4 exd4 6. e5 d5 7. Bb5 Ne4 8. cxd4
Bb4+ 9. Bd2 Nxd2 10. Bxc6+ bxc6 11. Nbxd2 c5 12. Qc2 Bxd2+ 13. Qxd2 c4 14. O-O
O-O 15. b3 cxb3 16. axb3 Bd7 17. Rfc1 Bb5 18. Qc2 c6 19. Qf5 Qc8 20. Qg5 Qd8
21. Qf4 Qe7 22. Nh4 f5 23. Nf3 h6 24. h4 Qf7 25. Rc3 Rfe8 26. Nd2 Re6 27. Rg3
Rg6 28. Nf1 Bxf1 29. Kxf1 Rxg3 30. Qxg3 Rb8 31. Qc3 Qb7 32. Ra3 Qb5+ 1/2-1/2

[Event "C.to Europeo U10"]
[Site "Fermo ITA"]
[Date "2009.09.04"]
[Round "5"]
[White "Capone, Nicola"]
[Black "Petrosyan, Arman"]
[Result "0-1"]
[WhiteElo "1851"]
[BlackElo "1680"]
[PlyCount "100"]
[EventDate "2009.08.31"]

1. e4 c6 2. d4 d5 3. Nc3 dxe4 4. Nxe4 Nf6 5. Ng3 h5 6. h4 e5 7. Be3 Bg4 8. Be2
Bd6 9. Bxg4 Nxg4 10. Nf5 O-O 11. Qd2 Nxe3 12. Nxe3 exd4 13. Qxd4 Qa5+ 14. c3
Bc5 15. Qf4 Bxe3 16. fxe3 Na6 17. Ne2 Qc7 18. O-O Rae8 19. Ng3 Qe5 20. Rae1 Nc5
21. Qxe5 Rxe5 22. Re2 Rfe8 23. Rf3 g6 24. b4 Na4 25. c4 Nb6 26. c5 Nd5 27. e4
Nxb4 28. Rb3 a5 29. a3 Na6 30. Rxb7 Nxc5 31. Rc7 Nxe4 32. Nxe4 Rxe4 33. Rd2
Rxh4 34. Rxc6 Rf4 35. Rc3 Re1+ 36. Kh2 h4 37. Rcd3 g5 38. Rd1 Rxd1 39. Rxd1 g4
40. Rd5 f5 41. Kg1 a4 42. Ra5 g3 43. Ra6 Kg7 44. Rc6 Rf2 45. Rc4 f4 46. Rxa4
Kf6 47. Ra5 f3 48. gxf3 h3 49. Ra6+ Kf5 50. Ra5+ Kf4 0-1

[Event "C.to Europeo U10"]
[Site "Fermo ITA"]
[Date "2009.09.04"]
[Round "5"]
[White "Gledura, Benjamin"]
[Black "Shtembuliak, Evgeny"]
[Result "1/2-1/2"]
[WhiteElo "2007"]
[BlackElo "2021"]
[PlyCount "71"]
[EventDate "2009.08.31"]

1. e4 d5 2. exd5 Qxd5 3. Nc3 Qa5 4. Nf3 Nf6 5. d4 c6 6. Bc4 Bf5 7. O-O e6 8.
Re1 Bd6 9. Bg5 Nbd7 10. Qe2 O-O-O 11. Ne5 Bg6 12. a3 Qb6 13. Nxd7 Rxd7 14. Bxf6
gxf6 15. Qe3 Rhd8 16. Ne2 Kb8 17. c3 Ka8 18. b4 Qc7 19. h3 e5 20. a4 exd4 21.
Nxd4 Bf4 22. Qe2 Bh2+ 23. Kh1 Be5 24. Rad1 Bxd4 25. cxd4 Qb6 26. b5 cxb5 27.
Bxb5 Rxd4 28. Rxd4 Qxd4 29. Qe7 a6 30. Be2 Rb8 31. Bf3 Qxa4 32. Qxf6 Ka7 33.
Re7 Qa5 34. Qd6 Qb6 35. Qd7 h5 36. Bd5 1/2-1/2

[Event "C.to Europeo U10"]
[Site "Fermo ITA"]
[Date "2009.09.04"]
[Round "5"]
[White "Haring, Viktor"]
[Black "Salagran Ferragut, Guillem"]
[Result "1-0"]
[WhiteElo "1914"]
[BlackElo "1725"]
[PlyCount "75"]
[EventDate "2009.08.31"]

1. e4 c5 2. Nf3 Nc6 3. d4 cxd4 4. Nxd4 Nf6 5. Nc3 e5 6. Ndb5 d6 7. Bg5 a6 8.
Na3 b5 9. Nd5 Be7 10. Bxf6 Bxf6 11. c3 Ne7 12. Nxf6+ gxf6 13. c4 b4 14. Qa4+
Bd7 15. Qxb4 Rb8 16. Qd2 Qb6 17. b3 f5 18. O-O-O Nc8 19. f4 Qc5 20. Nc2 fxe4
21. b4 Qc7 22. Ne3 Ne7 23. fxe5 dxe5 24. a3 f5 25. Nd5 Nxd5 26. Qxd5 Ke7 27. c5
Bb5 28. Bxb5 axb5 29. c6 Rhc8 30. Qc5+ Ke8 31. Rd6 Rb6 32. Qxe5+ Qe7 33. Qh8+
Kf7 34. Qxh7+ Kf8 35. Qxf5+ Kg7 36. Rg6+ Kh8 37. Qh5+ Qh7 38. Qe5+ 1-0